LIBRARY & INFORMATION CENTRE, KCAET, TAVANUR

ONLINE PUBLIC ACCESS CATALOGUE (OPAC)

Outlines of biochemistry / (Record no. 10715)

MARC details
000 -LEADER
fixed length control field 00454cam a2200181ua 4500
020 ## - INTERNATIONAL STANDARD BOOK NUMBER
ISBN 9971-51-164-9
041 ## - LANGUAGE CODE
Language code of text/sound track or separate title eng
082 ## - DEWEY DECIMAL CLASSIFICATION NUMBER
Classification number 574.192
Item number CON/OU
100 ## - MAIN ENTRY--AUTHOR NAME
Personal name Conn, Eric E .
245 ## - TITLE STATEMENT
Title Outlines of biochemistry /
260 ## - PUBLICATION, DISTRIBUTION, ETC. (IMPRINT)
Place of publication London :
Name of publisher John Wiley & Sons ,
Year of publication 1987.
300 ## - PHYSICAL DESCRIPTION
Number of Pages 693 ; .
700 1# - ADDED ENTRY--PERSONAL NAME
Personal name Dol, Roy H .
700 1# - ADDED ENTRY--PERSONAL NAME
Personal name Stumpf, Paul K .
942 ## - ADDED ENTRY ELEMENTS (KOHA)
Koha item type Books
Holdings
Withdrawn status Lost status Damaged status Home library Current library Date acquired Full call number Accession Number Koha item type
      KAUAET KAUAET 07/04/2012 574.192 CON/OU 19868 Books
free website counter